00330pab a2200121 454500008004000000100001400040245007800054260000900132300001400141362000800155650001800163773002700181180718b2004 xxu||||| |||| 00| 0 eng d aFine, Ben aGlobalization of panglossianization? A critical response to Keith Griffin c2004 ap.583-91. aJun aGlobalization aDevelopment and Change